[Event "Marienbad IM-III 2022"]
[Site "Marianske Lazne"]
[Date "2022.01.21"]
[Round "8.24"]
[White "Krawczyk, Flawian"]
[Black "Mannion, Stephen R"]
[Result "1/2-1/2"]
[WhiteElo "2114"]
[BlackElo "2267"]
[Annotator "TA"]
[PlyCount "164"]
[EventDate "2022.01.15"]
[EventType "tourn"]
[EventCountry "CZE"]
[SourceTitle "playchess.com"]
[Source "ChessBase"]
[SourceQuality "1"]

{[%evp 14,164,33,5,38,0,0,0,0,0,0,-12,0,0,0,0,0,0,0,0,0,0,44,44,38,48,49,39,45,51,36,43,53,8,13,13,58,17,64,58,58,52,68,49,89,95,88,70,98,31,31,31,31,31,31,31,41,27,59,59,59,59,59,59,78,78,84,36,84,59,84,84,84,84,84,84,84,84,84,84,91,91,91,91,91,91,91,91,91,84,84,84,91,84,91,37,37,37,37,37,37,0,37,37,37,37,37,37,37,37,37,37,37,0,37,37,37,37,37,37,37,37,37,37,37,37,37,37,37,37,37,0,0,0,0,0,0,0,0,0,0,0,0,0,0,0,0,0,0,0,0,0,0]} 1. e4 e5 2. Nf3 Nc6 3. Bb5 a6 4. Ba4 Nf6 5. O-O Be7 6. Re1 b5 7. Bb3 d6 8. a4 {aiming for axb5.} Bd7 {C90: Closed Ruy Lopez with 7...d6: Early deviations.} 9. axb5 (9. c3 {feels hotter.} O-O 10. d4 exd4 11. cxd4 Bg4 12. Be3) 9... axb5 10. Rxa8 Qxa8 11. c3 O-O 12. d3 Na5 13. Bc2 c5 14. Nbd2 Re8 15. Nf1 h6 16. Ng3 Bf8 17. h3 d5 (17... Nc6 $11 {was preferrable.}) 18. d4 $1 $14 cxd4 19. cxd4 exd4 {[%cal Rd5e4]} 20. e5 Ne4 21. Nxe4 dxe4 22. Bxe4 Qa7 {[#]} 23. Qxd4 $146 (23. Nxd4 Bc5 24. Be3 Nc4 $15) (23. Bb1 $14) ({Predecessor:} 23. Bf4 Rd8 24. Qxd4 Bc5 25. Qd2 Nb3 26. Qe2 Be6 27. Bg3 Bc4 28. Qc2 Qa4 29. Bh4 {1-0 (53) Zajic,M (2347)-Enchev,I (2458) Plovdiv 2014}) 23... Bc5 $11 ({Resist} 23... Qxd4 24. Nxd4 Nc4 25. e6 Bxe6 26. Bc6 $14 (26. Nxb5 Bf5 $14)) 24. Qd2 Nb3 ({Don't take} 24... Nc4 25. Qc2 $16) (24... Be6 $1 $11) 25. Qc2 (25. Qe2 $1 $14) 25... Nd4 (25... Rc8 $11 {should be considered.} 26. Bf4 Be6) 26. Nxd4 $1 $14 Bxd4 27. Bf4 Be6 28. Qd2 g5 29. Be3 Bxe3 30. Rxe3 {[%cal Oh3h4]} Qc5 31. Qc3 ({White should try} 31. Qd1 $16) 31... Qxc3 32. bxc3 {[%mdl 4096] Endgame KRB-KRB} Rb8 33. Kh2 b4 34. cxb4 Rxb4 35. g3 f6 36. exf6 {[#] Bg6 is the strong threat.} Kf7 {To avoid Bg6+} 37. g4 Kxf6 38. Kg3 Ra4 39. f3 Ra5 40. h4 (40. Rd3 $16) 40... Bd5 (40... h5 $14) 41. Bf5 Ra4 42. h5 Rb4 43. Re8 (43. Bc2 {keeps more tension.} Bb7 44. Bb3 Rb6 45. Bg8 Rd6 46. Bh7) 43... Rb3 44. Be4 Bxe4 45. Rxe4 $16 {KR-KR} Rb2 46. Ra4 Kg7 47. Ra7+ Kg8 48. Ra6 Kg7 49. Rg6+ Kh7 50. Rf6 Kg7 51. Rf5 Ra2 52. Rb5 Rc2 53. Rb4 Ra2 54. f4 (54. Rb7+ $16 Kg8 55. Re7) 54... Ra3+ $14 55. Kf2 {[#] Hoping for Rb7+.} gxf4 56. Rxf4 Rb3 57. Rf3 Rb4 58. Kg3 Ra4 59. Rb3 Rc4 60. Rb7+ Kg8 61. Re7 Ra4 62. Kf3 Rb4 63. Re4 Rb5 64. Kf4 Kf7 65. Rc4 Ra5 66. Rc7+ Kg8 67. Re7 Rb5 68. Re5 Rb6 69. Rc5 Rf6+ 70. Ke5 Rf1 71. Rc4 Kg7 72. Rf4 Rxf4 {The position is equal.} 73. Kxf4 $11 {Intending Ke5 and mate. KPP-KP} Kf6 74. Ke4 Ke6 75. Kd4 Kf6 76. Ke3 Kg5 77. Kf3 Kf6 78. Kf4 Ke6 79. g5 hxg5+ 80. Kxg5 {Kg6 would kill now.} Kf7 81. h6 Kg8 82. h7+ Kxh7 {Weighted Error Value: White=0.09 (flawless) /Black=0.09 (flawless)} 1/2-1/2

[Event "Marienbad IM-III 2022"]
[Site "Marianske Lazne"]
[Date "2022.01.21"]
[Round "8.25"]
[White "Hollan, Martin"]
[Black "Pourquet, Matthieu"]
[Result "1-0"]
[WhiteElo "2361"]
[BlackElo "2169"]
[Annotator "TA"]
[PlyCount "91"]
[EventDate "2022.01.15"]
[EventType "tourn"]
[EventCountry "CZE"]
[SourceTitle "playchess.com"]
[Source "ChessBase"]
[SourceQuality "1"]

{[%evp 9,91,52,73,56,41,20,20,37,27,-20,-25,-81,-82,-112,-105,-116,-104,-125,-86,-79,252,238,254,254,251,244,258,269,297,244,227,183,220,201,216,213,222,190,187,200,195,154,198,200,196,191,222,214,275,275,275,265,273,259,256,275,275,279,279,280,281,281,495,481,573,569,551,532,608,595,566,554,611,605,604,604,604,599,591,579,564,549,581,555]} 1. e4 d5 2. exd5 Qxd5 3. Nc3 Qd6 4. d4 c6 5. Nf3 Bf5 6. Ne5 {B01: Scandinavian Defence.} Nd7 {[#]} 7. f4 $146 (7. Nc4 {looks sharper.} Qc7 8. Qf3 e6 9. Bf4 Qd8 10. Ne3) ({Predecessor:} 7. Nc4 Qf6 8. d5 Ne5 9. dxc6 bxc6 10. Qe2 Nxc4 11. Qxc4 Qe6+ 12. Qxe6 Bxe6 13. Bf4 {1-0 (41) Sukandar,I (2415)-Tiviakov,S (2662) Jakarta 2015}) 7... Nxe5 8. fxe5 {The position is equal.} Qg6 9. Be3 (9. d5 $142 $1) 9... e6 $11 10. Qf3 (10. Qd2 $11 {keeps the balance.}) 10... Bb4 $17 (10... Bxc2 $6 {[#]} 11. Ba6 $1 Rb8 12. Bxb7 Rxb7 13. Qxc6+ Rd7 14. Qc8+ Rd8 15. Qc6+ Rd7 16. Qc8+ Rd8 17. Qc6+ Rd7 $11) 11. Qf2 Bxc2 12. Be2 Ne7 13. h4 Nd5 14. Bd2 Bd3 $2 {[%mdl 8192] [#] Loses the game.} (14... Be7 $17 15. Nxd5 exd5) 15. Nxd5 $18 Bxd2+ 16. Kxd2 Bxe2 17. Nf4 {To avoid Qd3+. Really sharp!} Qe4 18. Nxe2 O-O-O 19. Ke1 ({Stronger than} 19. Qxf7 Rxd4+ 20. Nxd4 Qxd4+ 21. Kc2 Qc4+ 22. Kb1 Qe4+ 23. Kc1 Qc4+ 24. Kb1 Qe4+ 25. Kc1 Qc4+ 26. Kd2 (26. Kb1 Qe4+ $11) 26... Qd4+ 27. Ke2 Qxb2+ 28. Kf3 Qa3+ 29. Ke4 Qb4+ 30. Ke3 Qa3+ 31. Ke4 Qb4+ 32. Ke3 Qa3+ 33. Ke4 $11) 19... f6 20. Qf3 Qc2 21. Rc1 Qxb2 22. exf6 Rhf8 23. Qb3 ({Don't do} 23. f7 $6 Rxd4 24. Qc3 (24. Nxd4 Qxc1+ 25. Qd1 Qe3+ 26. Ne2 Rxf7 $14) 24... Qxc3+ 25. Rxc3 Rd7 $16) 23... Qxb3 24. axb3 Rxf6 25. Rf1 (25. Rc3 $18) 25... Rd5 (25... Rxf1+ $16 26. Kxf1 Rf8+ 27. Kg1 Kd7) 26. Rxf6 gxf6 {[%mdl 4096] Endgame KRN-KR} 27. Rc3 Rh5 28. Rf3 f5 29. g3 Kd7 30. Re3 Rh6 31. Nf4 a5 32. Kd2 b6 33. Kc3 Kd6 34. b4 axb4+ 35. Kxb4 c5+ $2 (35... Kd7 {keeps fighting.} 36. Ra3 Kc7) 36. Kc4 {White is clearly winning.} cxd4 37. Kxd4 Rf6 38. Re5 Rh6 39. Rb5 Kc6 40. Rb1 b5 41. Ke5 Kc5 42. Nxe6+ Kc4 43. Nd4 b4 44. Nxf5 Rg6 45. Ne3+ Kd3 46. Nd5 {Weighted Error Value: White=0.10 (very precise) /Black=0.37} 1-0

[Event "Marienbad IM-III 2022"]
[Site "Marianske Lazne"]
[Date "2022.01.22"]
[Round "9.21"]
[White "Pourquet, Matthieu"]
[Black "Jasny, Stanislav"]
[Result "1/2-1/2"]
[WhiteElo "2169"]
[BlackElo "2298"]
[Annotator "TA"]
[PlyCount "34"]
[EventDate "2022.01.15"]
[EventType "tourn"]
[EventCountry "CZE"]
[SourceTitle "playchess.com"]
[Source "ChessBase"]
[SourceQuality "1"]

{[%evp 12,34,29,39,43,-4,-15,-36,-48,-55,-31,-43,-38,-16,0,-23,-1,-2,0,0,-16,0,-16,0,0]} 1. c4 Nf6 2. Nc3 g6 3. e4 d6 4. d4 Bg7 5. f3 O-O 6. Bg5 a6 7. Qd2 Nc6 {[%cal Bb8c6,Bc6e5,Be5d7][%mdl 32] E81: King's Indian: Sämisch: 6th move deviations (including 6 Be3 c6).} 8. d5 (8. Rd1 $14) 8... Ne5 $11 9. f4 Ned7 {Black is slightly better.} 10. Bd3 c6 11. Nf3 {[#]} cxd5 $146 ({Predecessor:} 11... Qb6 12. Na4 Qa7 13. Bh4 b5 14. dxc6 bxa4 15. cxd7 Bxd7 16. e5 dxe5 17. Nxe5 Ng4 {½-½ (44) Milanovic,D (2434)-Brenjo,S (2476) Obrenovac 2004}) 12. cxd5 Nc5 13. O-O Nxd3 14. Qxd3 {The position is equal.} Qb6+ 15. Kh1 $1 Qxb2 {[#] And now ...Ng4 would win.} 16. Rab1 Qa3 {[%cal Of6e4]} 17. Rb3 Qa5 {Weighted Error Value: White=0.12 (very precise) /Black=0.09 (flawless)} 1/2-1/2

[Event "Marienbad IM-III 2022"]
[Site "Marianske Lazne"]
[Date "2022.01.22"]
[Round "9.22"]
[White "Mannion, Stephen R"]
[Black "Hollan, Martin"]
[Result "1/2-1/2"]
[WhiteElo "2267"]
[BlackElo "2361"]
[Annotator "TA"]
[PlyCount "112"]
[EventDate "2022.01.15"]
[EventType "tourn"]
[EventCountry "CZE"]
[SourceTitle "playchess.com"]
[Source "ChessBase"]
[SourceQuality "1"]

{[%evp 16,112,35,33,75,68,73,81,75,33,30,-12,-11,-16,-12,-16,-12,-13,-11,-34,-14,-23,-18,-47,25,14,27,29,21,14,36,36,63,33,32,31,86,60,66,59,63,62,61,56,90,89,133,124,151,98,101,104,130,140,202,189,192,197,222,185,233,252,237,165,145,137,243,235,347,340,721,722,686,680,647,577,552,524,444,407,329,371,221,213,200,133,133,133,147,129,129,82,107,8,8,8,8,8,8]} 1. e4 c5 2. Nf3 Nc6 3. d4 cxd4 4. Nxd4 e5 5. Nb5 a6 6. Nd6+ Bxd6 7. Qxd6 Qe7 8. Qd1 Nf6 9. Nc3 Nd4 {B32: Sicilian: Löwenthal and Kalashnikov Variations.} (9... d6 $14 {might be stronger.}) 10. Be3 $16 O-O {[%cal Od7d5]} 11. Bxd4 {aiming for Be3.} d5 {White is better.} 12. Be3 (12. exd5 $2 exd4+ 13. Ne2 Qb4+ 14. Qd2 Qxb2 $19) (12. Nxd5 $6 Nxd5 13. Bc5 (13. exd5 exd4+ 14. Be2 Re8 $15) 13... Qxc5 $11) (12. Bb6 $16 Qb4 13. Bc7 (13. exd5 Qxb6 14. Rb1 Qd4 $11)) 12... d4 $14 {[#]} 13. Bg5 $146 (13. Bd3 $142 $1) ({Predecessor:} 13. Bd3 dxe3 14. fxe3 Ng4 15. Qe2 Qg5 16. Nd1 f5 17. O-O f4 18. h3 Nf6 19. exf4 exf4 {0-1 (115) Papp,P (2246)-Mokcsay,R (2312) Budapest 2010}) 13... dxc3 $11 14. bxc3 Qc5 15. Bd3 Qxc3+ 16. Bd2 Qc6 17. Qe2 b5 18. O-O Be6 19. a4 Bc4 (19... bxa4 $15 20. f3 Nd7) 20. axb5 axb5 21. Bxc4 bxc4 22. f3 c3 {Strongly threatening ...Rxa1.} 23. Be3 h6 24. Rxa8 Rxa8 25. Rb1 Rd8 {Prevents Qd3.} (25... Kh7 $14) 26. Rb3 Kh7 27. Qe1 Rc8 28. Qd1 Qc4 29. Kf2 Qc7 30. Qd3 Rd8 (30... Ne8 $142) 31. Qxc3 $16 Qe7 32. Qb4 (32. Rb5 $142) 32... Qe6 33. Rd3 Rc8 {[#]} 34. Rc3 $1 Rc6 (34... Rd8 $16 {keeps fighting.} 35. Qc4 Qe7) 35. Rxc6 $18 Qxc6 36. c4 {[%cal Bc2c4,Bc4c5][%mdl 32]} Qa8 37. Qb2 {Inhibits Qa2.} Qa4 (37... Nd7 $142 38. c5 f6) 38. c5 ({Don't do} 38. Qxe5 $6 Qxc4 39. Kg3 Qe6 40. Qxe6 fxe6) 38... Nd7 39. Qd2 {Qd6 is the strong threat.} Nb8 40. h3 Nc6 (40... Qe8 $16 41. g4 Qa4) 41. Qd7 Qa2+ (41... Qc2+ {was called for.} 42. Kg3 Qb3 43. Bxh6 (43. Qxc6 Qxe3 44. Qd7 Qxc5 $18) 43... Nd4) 42. Kg3 Qe6 (42... Qa3 43. Bf2 (43. Qxc6 Qxe3 44. Qd7 Qxc5 $16) 43... Qc1 44. Qxf7 Nd4) 43. Qxe6 fxe6 {[%mdl 4096] Endgame KB-KN} 44. Kf2 Kg8 45. Ke2 Kf7 46. Kd3 Ke8 47. Kc4 Kd7 48. h4 {Black must now prevent h5.} h5 49. g3 Kc7 50. f4 g6 {To avoid f5} 51. Bd2 exf4 52. Bxf4+ Kb7 53. Bd6 ({Better is} 53. Bg5) 53... Ka6 $16 54. e5 ({White should play} 54. Bf8 $16) 54... Kb7 $11 {The position is equal.} 55. Kd3 Nd8 56. Ke4 Nf7 {Weighted Error Value: White=0.16 (very precise) /Black=0.18 (very precise)} 1/2-1/2

[Event "Marienbad IM-III 2022"]
[Site "Marianske Lazne"]
[Date "2022.01.22"]
[Round "9.23"]
[White "Bubalovic, Davorin"]
[Black "Krawczyk, Flawian"]
[Result "1/2-1/2"]
[WhiteElo "2220"]
[BlackElo "2114"]
[Annotator "ChessBase"]
[PlyCount "120"]
[EventDate "2022.01.15"]
[EventType "tourn"]
[EventCountry "CZE"]
[SourceTitle "playchess.com"]
[Source "ChessBase"]
[SourceQuality "1"]
[TimeControl "40/5400+30:1800+30"]

1. e4 {[%emt 0:00:01]} c5 {[%emt 0:00:06]} 2. Nf3 {[%emt 0:00:05]} d6 {[%emt 0:00:04]} 3. d4 {[%emt 0:00:05]} cxd4 {[%emt 0:00:04]} 4. Nxd4 {[%emt 0:00:04]} Nf6 {[%emt 0:00:03]} 5. Nc3 {[%emt 0:00:12]} a6 {[%emt 0:00:04]} 6. h3 {[%emt 0:00:09]} e5 {[%emt 0:00:08]} 7. Nde2 {[%emt 0:00:37]} h5 {[%emt 0:00:44]} 8. Bg5 {[%emt 0:00:29]} Be7 {[%emt 0:00:55]} 9. Bxf6 {[%emt 0:01:27]} Bxf6 {[%emt 0:00:05]} 10. Nd5 {[%emt 0:00:06]} Nc6 {[%emt 0:01:43]} 11. Nec3 {[%emt 0:00:41]} Bg5 {[%emt 0:01:14]} 12. h4 {[%emt 0:04:59]} Bh6 {[%emt 0:01:05]} 13. g3 {[%emt 0:00:18]} g6 {[%emt 0:00:24]} 14. Bh3 {[%emt 0:00:42]} Be6 {[%emt 0:00:13]} 15. Kf1 {[%emt 0:00:52]} O-O {[%emt 0:00:36]} 16. Kg2 {[%emt 0:01:36]} b5 {[%emt 0:03:56]} 17. a4 {[%emt 0:01:59]} b4 {[%emt 0:01:10]} 18. Ne2 {[%emt 0:00:11]} a5 {[%emt 0:02:59]} 19. c3 {[%emt 0:02:00]} Rb8 {[%emt 0:02:58]} 20. Qd3 {[%emt 0:04:14]} Ne7 {[%emt 0:09:07]} 21. Nxe7+ {[%emt 0:09:45]} Qxe7 {[%emt 0:00:22]} 22. Rhd1 {[%emt 0:00:47]} Rfd8 {[%emt 0:00:19]} 23. Bxe6 {[%emt 0:04:30]} fxe6 {[%emt 0:02:08]} 24. c4 {[%emt 0:03:59]} Rbc8 {[%emt 0:03:19]} 25. b3 {[%emt 0:03:20]} Rc7 {[%emt 0:03:04]} 26. Ng1 {[%emt 0:01:21]} Bg7 {[%emt 0:15:33]} 27. Rac1 {[%emt 0:04:05]} Rcd7 {[%emt 0:01:25]} 28. Nf3 {[%emt 0:00:35]} Bf6 {[%emt 0:01:37]} 29. Qe3 {[%emt 0:02:27]} Rc7 {[%emt 0:07:15]} 30. c5 {[%emt 0:19:17]} d5 {[%emt 0:02:30]} 31. c6 {[%emt 0:00:31]} d4 {[%emt 0:00:25]} 32. Qd3 {[%emt 0:00:33]} Rdc8 {[%emt 0:01:45]} 33. Qa6 {[%emt 0:06:16]} Qd6 {[%emt 0:00:22]} 34. Rc4 {[%emt 0:00:17]} Bg7 {[%emt 0:04:39]} 35. Ne1 {[%emt 0:02:30]} Qe7 {[%emt 0:05:04]} 36. Qxa5 {[%emt 0:07:15]} g5 {[%emt 0:01:27]} 37. Qxb4 {[%emt 0:03:46]} Qxb4 {[%emt 0:00:47]} 38. Rxb4 {[%emt 0:00:01]} gxh4 {[%emt 0:00:08]} 39. Rc4 {[%emt 0:01:23]} hxg3 {[%emt 0:00:05]} 40. fxg3 {[%emt 0:00:11]} Bh6 {[%emt 0:02:08]} 41. b4 {[%emt 0:31:06]} h4 {[%emt 0:30:57]} 42. Nf3 {[%emt 0:03:18]} Rxc6 {[%emt 0:00:34]} 43. Rxc6 {[%emt 0:00:07]} Rxc6 {[%emt 0:00:06]} 44. Nxe5 {[%emt 0:02:55]} Rc2+ {[%emt 0:00:07]} 45. Kh3 {[%emt 0:00:35]} hxg3 {[%emt 0:00:05]} 46. Kxg3 Bd2 {[%emt 0:01:24]} 47. Rb1 {[%emt 0:01:56]} Kg7 {[%emt 0:01:14]} 48. b5 {[%emt 0:00:45]} Kf6 {[%emt 0:00:08]} 49. Nf3 {[%emt 0:01:09]} Ba5 {[%emt 0:00:09]} 50. b6 {[%emt 0:00:14]} d3 {[%emt 0:00:46]} 51. b7 {[%emt 0:05:04]} Bc7+ {[%emt 0:00:06]} 52. e5+ {[%emt 0:00:04]} Kf5 {[%emt 0:00:05]} 53. b8=Q Bxb8 {[%emt 0:00:24]} 54. Rxb8 {[%emt 0:02:19]} Ke4 {[%emt 0:00:14]} 55. Rb6 {[%emt 0:02:31]} Rc3 {[%emt 0:03:57]} 56. Rb4+ {[%emt 0:00:00]} Ke3 {[%emt 0:00:00]} 57. Rd4 {[%emt 0:00:00]} Rc8 {[%emt 0:00:00]} 58. Rd6 {[%emt 0:00:00]} Rg8+ {[%emt 0:00:00]} 59. Kh2 {[%emt 0:00:00]} Kxf3 {[%emt 0:00:00]} 60. Rxd3+ {[%emt 0:00:00]} Ke4 {[%emt 0:00:00]} 1/2-1/2

[Event "Marienbad IM-III 2022"]
[Site "Marianske Lazne"]
[Date "2022.01.22"]
[Round "9.24"]
[White "Schmider, Niklas"]
[Black "Dev, Shah"]
[Result "1/2-1/2"]
[WhiteElo "2330"]
[BlackElo "2243"]
[Annotator "TA"]
[PlyCount "124"]
[EventDate "2022.01.15"]
[EventType "tourn"]
[EventCountry "CZE"]
[SourceTitle "playchess.com"]
[Source "ChessBase"]
[SourceQuality "1"]

{[%evp 22,124,26,28,21,21,14,14,34,32,39,37,63,59,62,50,72,68,135,43,52,41,44,29,30,0,8,4,85,82,91,83,95,94,87,88,88,86,89,83,131,112,126,136,119,142,128,127,130,131,128,139,143,153,121,0,0,0,0,0,0,0,8,0,0,0,0,0,0,0,8,0,8,8,8,8,8,8,8,0,0,0,0,0,0,0,0,0,0,0,0,-8,-8,-8,-8,-8,-8,-8,-8,-8,-8,-8,-8,-8,-8]} 1. e4 e5 2. Nf3 Nc6 3. Bb5 a6 4. Ba4 Nf6 5. O-O Nxe4 6. d4 b5 7. Bb3 d5 8. dxe5 Be6 9. c3 Bc5 10. Qd3 O-O 11. Be3 f5 12. exf6 Bxe3 {C82: Open Ruy Lopez: 9 c3 without 9...Be7.} (12... gxf6 13. Nbd2 Bxe3 14. Qxe3 $16) 13. Qxe3 Qxf6 14. Rd1 {[#]} Rad8 $146 ({Predecessor:} 14... Rae8 15. Nbd2 Nxd2 16. Qxd2 Ne7 17. Re1 c6 18. a4 Ng6 19. axb5 axb5 20. Qg5 Qxg5 21. Nxg5 {½-½ (34) Hempel,R (2163)-Lannaioli,A (2204) ICCF email 2003}) 15. Nbd2 Nxd2 16. Rxd2 Rd6 17. Qc5 {[%cal Rb3d5]} Rfd8 18. Rad1 R8d7 19. h3 {[%cal Rb3d5]} (19. Bxd5 $2 Bxd5 20. Ne1 (20. Rxd5 $2 Rxd5 21. Rxd5 Qf5 $19) 20... Qe7 $1 $19) 19... Na5 (19... Ne5 $14 20. Nxe5 (20. Bxd5 $2 Nxf3+ 21. Bxf3 Rxd2 $19) 20... Qxe5) 20. Nd4 ({Worse is} 20. Bxd5 Bxd5 21. Rxd5 Nb7 22. Rxd6 Nxc5 $15) ({Better is} 20. Re2 $16) 20... Bf7 $14 21. Re1 Nb7 22. Qa7 c5 23. Qb8+ (23. Nf3 $5 {[%cal Rf3e5]}) 23... Qd8 24. Qxd8+ Nxd8 (24... Rxd8 $11 {keeps the balance.} 25. Nf5 Rf6) 25. Nf5 $16 Rf6 {[#]} 26. Bxd5 $1 {[%cal Re1e8]} Kf8 {Prevents Re8+.} (26... Bxd5 27. Re7) 27. Ne3 {White is much more active.} Rfd6 28. Red1 c4 29. f4 Nb7 {[#]} 30. Rd4 $1 Bxd5 31. Rxd5 (31. Nxd5 $6 Nc5 $14) 31... Rxd5 32. Rxd5 ({But not} 32. Nxd5 $6 Nc5 $14) 32... Rxd5 33. Nxd5 {[%mdl 4096] Endgame KN-KN} Nc5 {[#]} 34. Kf2 $1 Nd3+ 35. Ke3 {Threatens to win with Nb4.} Nxb2 36. Nc7 Ke7 37. Nxa6 Kd6 38. Kd4 (38. a3 $16) 38... Nd3 $11 {The position is equal.} 39. g3 Nc1 40. Ke3 {Prevents Ne2.} Nxa2 41. Kd2 Kd5 42. Nc7+ Ke4 43. Ne6 b4 44. cxb4 Nxb4 45. Nxg7 Kf3 46. Nh5 Kg2 47. Kc3 {[%csl LRb4,LRc4]} Nd5+ 48. Kxc4 Ne7 49. h4 {Kc5 is the strong threat.} Kf3 50. Kc5 {Black must now prevent Kd6.} Kg4 51. Kd6 Ng6 52. Ke6 {[%cal Of4f5] f5! would kill now.} Kxh5 {KN-K3P} 53. f5 {Strongly threatening Kf6.} Kg4 54. Kf6 Kxg3 {KN-KPP} 55. h5 Nh4 {( -> ...h6)} 56. Kg7 {aiming for f6.} Nxf5+ 57. Kxh7 {KN-KP} Kg4 58. Kg6 Nh4+ 59. Kh6 Kf5 60. Kg7 Kg5 61. h6 Nf5+ 62. Kf7 {White threatens h7 and mate.} Nxh6+ {Weighted Error Value: White=0.07 (flawless) /Black=0.07 (flawless)} 1/2-1/2

[Event "Marienbad IM-III 2022"]
[Site "Marianske Lazne"]
[Date "2022.01.22"]
[Round "9.25"]
[White "Kantorik, Marian"]
[Black "Mica, Marek"]
[Result "1/2-1/2"]
[WhiteElo "2209"]
[BlackElo "2303"]
[Annotator "TA"]
[PlyCount "114"]
[EventDate "2022.01.15"]
[EventType "tourn"]
[EventCountry "CZE"]
[SourceTitle "playchess.com"]
[Source "ChessBase"]
[SourceQuality "1"]

{[%evp 18,114,35,20,35,-11,-12,-5,-8,-8,0,0,-7,-14,-5,-7,-14,-4,-4,-31,-19,-27,-18,-22,-18,-57,-35,-65,-64,-97,-81,-105,-81,-81,-87,-88,-75,-83,-72,-106,-112,-120,-111,-162,-170,-297,-297,-297,-297,-297,-297,-297,0,0,0,0,0,0,0,0,0,0,0,0,0,0,0,0,0,0,0,0,0,0,0,0,0,0,0,0,0,0,0,0,0,0,0,0,0,0,0,0,0,0,0,0,0,0,0]} 1. d4 Nf6 2. c4 e6 3. Nc3 Bb4 4. e3 b6 5. Nge2 Ba6 6. a3 Bxc3+ 7. Nxc3 d5 8. b3 O-O 9. Be2 Nc6 {[%cal Bb8c6,Bc6a5,Ba5b7][%mdl 32]} 10. O-O dxc4 {E45: Nimzo-Indian: Rubinstein: 4...b6 5 Ne2 Ba6.} 11. Bxc4 (11. bxc4 $14 Na5 12. Qa4) 11... Bxc4 $11 12. bxc4 Na5 13. Qe2 {[#]} Qd6 $146 ({Predecessor:} 13... Nb3 14. Rb1 Nxc1 15. Rbxc1 Qe7 16. Qb2 c5 17. Rfd1 cxd4 18. exd4 Rac8 19. Qb3 h6 {0-1 (26) Klimov,S (2486)-Solovyov,V (2290) St Petersburg 2021}) 14. Rb1 c5 15. Nb5 Qc6 {With the idea ...a6.} 16. Bd2 Nb7 17. Rfc1 Rfd8 18. dxc5 Nxc5 19. Bc3 Nfe4 20. Bd4 e5 21. Bxc5 Qxc5 22. f3 Nd6 23. Nxd6 Rxd6 ({Much worse is} 23... Qxd6 $6 24. c5 bxc5 25. Qc4 $15) 24. a4 a6 25. Rd1 Rad8 26. Rxd6 Rxd6 $17 {[%mdl 4096] Endgame KQR-KQR} ({Don't play} 26... Qxd6 $6 27. Qb2 $11) 27. Kf2 g6 28. g4 e4 29. Rd1 exf3 30. Kxf3 {[#]} (30. Qxf3 $17 {keeps fighting.} Rxd1 31. Qxd1) 30... h5 $1 $19 31. h3 (31. Rxd6 $142 hxg4+ 32. Kf2 Qxd6 33. Qxg4) 31... hxg4+ 32. hxg4 {[#]} Rxd1 33. Qxd1 Qxc4 {KQ-KQ} 34. Qd8+ Kg7 $2 ({Better is} 34... Kh7 $19 {Strongly threatening ...b5.} 35. Qd4 Qf1+ 36. Ke4 b5) 35. Qxb6 $11 {The position is equal.} Qxa4 {Threatens to win with ...Qa1.} 36. Qb2+ f6 {White must now prevent ...Qc4.} 37. g5 $1 Qc6+ 38. e4 a5 39. Qd4 a4 (39... Kf7 $5 40. Qa7+ Kf8 41. Qxa5 f5 42. Qd8+ Kg7 $11) 40. Kg3 Qc7+ 41. Kh3 Qc8+ 42. Kg3 Qb8+ 43. Kg4 Qc8+ 44. Kg3 Qc7+ 45. Kg4 a3 46. gxf6+ Kf7 47. e5 $1 Ke6 {To avoid Qd5+} 48. Qb4 {Qb3+ is the strong threat.} a2 (48... Qxe5 49. Qe7+ Kd5 50. Qxe5+ Kxe5 51. f7 Kd5 52. f8=Q a2 53. Qa8+ Kc5 54. Qxa2) 49. Qb3+ Kxe5 50. Qg3+ Kxf6 {( -> ...Qxg3+)} 51. Qxc7 {Intending Qa5 and mate.} a1=Q {Inhibits Qa5. KQ-KQ} 52. Qd6+ Kf7 53. Qd7+ Kg8 54. Qd8+ Kg7 55. Qe7+ Kh8 56. Qd8+ Kh7 57. Qh4+ Kg8 {White happily takes the draw.  Weighted Error Value: White=0.09 (flawless) /Black=0.08 (flawless)} 1/2-1/2